Security in computing (Record no. 5415)

MARC details
000 -LEADER
fixed length control field 00472nam a2200181Ia 4500
003 - CONTROL NUMBER IDENTIFIER
control field SGT
020 ## - INTERNATIONAL STANDARD BOOK NUMBER
International Standard Book Number 9788131727256
082 ## - DEWEY DECIMAL CLASSIFICATION NUMBER
Classification number 5.8
Item number PFL
100 ## - MAIN ENTRY--PERSONAL NAME
Personal name Charles P. Pfleeger
245 ## - TITLE STATEMENT
Title Security in computing
250 ## - EDITION STATEMENT
Edition statement 4th Ed.
260 ## - PUBLICATION, DISTRIBUTION, ETC. (IMPRINT)
Name of publisher, distributor, etc Pearson
Place of publication, distribution, etc N.Delhi
Year of Publication 2012
300 ## - PAGE DESCRIPTION
No. of Pages 868p.
650 ## - SUBJECT ADDED ENTRY--TOPICAL TERM
Topical term or geographic name as entry element COMPUTER SCIENCE
653 ## - KEYWORDS--INDEX TERM
Keyword term IS THERE A SECURITY PROBLEM IN COMPUTING CRYPTOGRAPHY ,PROGRAM SECURITY
700 ## - ADDED ENTRY--PERSONAL NAME
Personal name Shari Lawrence Pfleeger.
942 ## - ADDED ENTRY ELEMENTS (KOHA)
Source of classification or shelving scheme Dewey Decimal Classification
Koha item type Books
942 ## - ADDED ENTRY ELEMENTS (KOHA)
-- 8
Holdings
Withdrawn status Lost status Source of classification or shelving scheme Damaged status Not for loan Home library Current library Date acquired SGTU Total Checkouts Full call number Accession No. (Barcode) Date last seen Bill Date Koha item type Date last borrowed
    Dewey Decimal Classification     SGT Engineering Library SGT Engineering Library 05/06/2012 SGTU   5.8 PFL FE4586 09/02/2015 09/02/2015 Books  
    Dewey Decimal Classification     SGT Engineering Library SGT Engineering Library 05/06/2012 SGTU   5.8 PFL FE4587 09/02/2015 09/02/2015 Books  
    Dewey Decimal Classification     SGT Engineering Library SGT Engineering Library 05/06/2012 SGTU 1 5.8 PFL FE4588 10/12/2018 09/02/2015 Books 10/08/2018
    Dewey Decimal Classification     SGT Engineering Library SGT Engineering Library 05/06/2012 SGTU 6 5.8 PFL FE4589 24/09/2025 09/02/2015 Books 16/04/2025
    Dewey Decimal Classification     SGT Engineering Library SGT Engineering Library 05/06/2012 SGTU 3 5.8 PFL FE4590 21/12/2020 09/02/2015 Books 23/11/2020
    Dewey Decimal Classification     SGT Engineering Library SGT Engineering Library 05/06/2012 SGTU   5.8 PFL FE4591 09/02/2015 09/02/2015 Books  
    Dewey Decimal Classification     SGT Engineering Library SGT Engineering Library 05/06/2012 SGTU 4 5.8 PFL FE4592 19/10/2022 09/02/2015 Books 06/10/2022
    Dewey Decimal Classification     SGT Engineering Library SGT Engineering Library 05/06/2012 SGTU   5.8 PFL FE4593 09/02/2015 09/02/2015 Books  
    Dewey Decimal Classification     SGT Engineering Library SGT Engineering Library 05/06/2012 SGTU   5.8 PFL FE4594 09/02/2015 09/02/2015 Books  
    Dewey Decimal Classification     SGT Engineering Library SGT Engineering Library 05/06/2012 SGTU   5.8 PFL FE4595 09/02/2015 09/02/2015 Books